Fotbalové Táborsko /

Hlavní autor: Pivoda, Aleš, 1952-
Jazyk: Čeština
Vydáno: Praha : MAC, 2012
Vydání: Vyd. 1.
Témata:
Fyzický popis: 202 s. : il. (převážně barev.), portréty, faksim. ; 31 cm
Language note: Anglické resumé
Knihy
Uloženo v:
LEADER 01663nam a2200493 a 4500
001 nkc20122375302
003 CZ PrNK
005 20120827150518.0
007 ta
008 120709s2012 xr ach f 000 0ccze
015 |a cnb002375302 
020 |a 978-80-86783-54-3  |q (váz.) 
035 |a (OCoLC)806200436 
040 |a ABA001  |b cze  |d BOA001 
041 0 |a cze  |b eng 
043 |a e-xr---  |b e-xr-jc  |2 czenas 
045 |a x0y1 
072 7 |a 796  |x Sport. Hry. Tělesná cvičení  |2 Konspekt  |9 20 
080 |a 796.332  |2 MRF 
080 |a 796.332:061  |2 MRF 
080 |a (437.319)  |2 MRF 
080 |a (048.8)  |2 MRF 
100 1 |a Pivoda, Aleš,  |d 1952-  |7 jn19990216143  |4 aut 
245 1 0 |a Fotbalové Táborsko /  |c Aleš Pivoda 
246 3 0 |a Táborsko 
250 |a Vyd. 1. 
260 |a Praha :  |b MAC,  |c 2012 
300 |a 202 s. :  |b il. (převážně barev.), portréty, faksim. ;  |c 31 cm 
504 |a Obsahuje bibliografii 
546 |a Anglické resumé 
648 7 |a 20.-21. století  |7 ch462155  |2 czenas 
650 0 7 |a fotbal  |7 ph114578  |z Česko  |y 20.-21. stol.  |2 czenas 
650 0 7 |a fotbalové kluby  |7 ph138515  |z Česko  |y 20.-21. stol.  |2 czenas 
650 0 9 |a soccer  |z Czechia  |y 20th-21st centuries  |2 eczenas 
650 0 9 |a soccer clubs  |z Czechia  |y 20th-21st centuries  |2 eczenas 
655 7 |a monografie  |7 fd132842  |2 czenas 
655 9 |a monographs  |2 eczenas 
651 7 |a Tábor (Česko : oblast)  |7 ge131165  |2 czenas 
651 9 |a Tábor Region (Czechia)  |2 eczenas 
910 2 |a BOA001  |b 4-1289.190 
990 |a BK 
995 |a 01 
991 |b 201207  |c NOV  |e n 
996 6 |b 2610515226  |c 4-1289.190  |l MZK  |r Sklad / do 1 hodiny  |n 0  |p p.v.  |w 001262296  |u 000010  |a 1  |e BOA001  |j MZK50  |s P